000 00591nam a2200205 a 4500
005 20241129063746.0
008 991125s1982 es 000 0 spa u
020 _a8437212057
035 _aUPN01000033272
049 _aI
050 4 _aLB1595
_bS3.4
100 1 _aSáinz-Pardo, Manuel
_937042
245 1 0 _aJuega y construye /
_cManuel Sáinz-Pardo.
260 _aMadrid :
_bAltea,
_c1982.
300 _a109 p. :
_bil. col.
440 0 _aEnciclopedia de las aficiones ;
_v6
650 4 _aTrabajos manuales (Educación)
_96600
650 4 _aRecreación y juego
_915377
905 _aInfantil
999 _c33272
_d33272